[Event "Europa ch Femenino 2013"]
[Site "Belgrado SER"]
[Date "2013.07.26"]
[Round "4.77"]
[White "Dizdarevic, Barbara"]
[Black "Makka, Ioulia"]
[Result "0-1"]
[WhiteElo "1981"]
[BlackElo "2171"]
[PlyCount "208"]
[EventDate "2013.07.23"]
[EventType "swiss"]
[EventRounds "11"]
[EventCountry "SER"]
[Source "lmi"]
[SourceDate "2013.07.22"]

1. e4 c6 2. c4 d5 3. exd5 cxd5 4. cxd5 Nf6 5. Qa4+ Nbd7 6. Nc3 g6 7. Bc4 Bg7 8.
Nf3 O-O 9. d3 a6 10. Qa3 b6 11. O-O Bb7 12. Re1 Re8 13. Be3 b5 14. Bb3 Nb6 15.
Bxb6 Qxb6 16. Qb4 Qd8 17. d6 Qxd6 18. Qxd6 exd6 19. Ng5 d5 20. d4 Rad8 21. Rad1
h6 22. Nf3 Ne4 23. Re3 Nxc3 24. Rxc3 Rc8 25. Kf1 Rxc3 26. bxc3 Rc8 27. Rd3 a5
28. Ke1 a4 29. Bd1 f6 30. Re3 Kf7 31. Be2 Bc6 32. Kd2 Bf8 33. Bd3 Bd6 34. g3 g5
35. Ne1 b4 36. c4 dxc4 37. Bxc4+ Kg7 38. Re6 Rd8 39. Nc2 Be8 40. Ne3 Bg6 41.
Bb5 b3 42. axb3 Bb4+ 43. Kc1 Ba3+ 44. Kd2 axb3 45. Nc4 Bb4+ 46. Kc1 Rxd4 47.
Kb2 Bc2 48. Rc6 Rd1 49. Rc7+ Kf8 50. Na3 Bxa3+ 51. Kxa3 Rd2 52. Rc8+ Ke7 53.
Re8+ Kf7 54. Re2 Rxe2 55. Bxe2 Ke6 56. Bc4+ Ke5 57. Kb2 Ke4 58. Be2 Kd4 59. Bf1
Bd3 60. Bh3 Bc4 61. Bf5 Ke5 62. Bh3 Bf7 63. Bg2 Kd4 64. Bf1 f5 65. Be2 Be6 66.
h3 Ke4 67. Kc3 f4 68. h4 gxh4 69. gxh4 f3 70. Bd3+ Kf4 71. h5 Kg4 72. Be4 Bf7
73. Bg6 Be6 74. Be4 Bf5 75. Bd5 Bc2 76. Kd2 Kxh5 77. Bxf3+ Kg5 78. Be2 Kg6 79.
Kc3 h5 80. f4 h4 81. Bg4 Bf5 82. Bf3 Be6 83. Bg2 Kh5 84. Bf3+ Bg4 85. Bg2 Bd1
86. Bh3 Bc2 87. Be6 Kg6 88. Bh3 Bf5 89. Bg2 Be6 90. Kb2 Bc4 91. Bh3 Kh5 92. Kc3
Bd5 93. Bf5 Kh6 94. Bh3 Kg6 95. Bg4 Kf6 96. Bh3 Ke7 97. Bg4 Be6 98. f5 Bf7 99.
Bh3 Kf6 100. Kb2 Kg5 101. Kc3 Kf4 102. Kb2 Kg3 103. Bf1 h3 104. Bb5 Kf4 0-1

[Event "Europa ch Femenino 2013"]
[Site "Belgrado SER"]
[Date "2013.07.26"]
[Round "4.78"]
[White "Blagojevic, Tijana"]
[Black "Gurcan, Aytolun"]
[Result "1-0"]
[WhiteElo "2058"]
[BlackElo "1705"]
[PlyCount "77"]
[EventDate "2013.07.23"]
[EventType "swiss"]
[EventRounds "11"]
[EventCountry "SER"]
[Source "lmi"]
[SourceDate "2013.07.22"]

1. e4 c5 2. Nf3 Nc6 3. Bb5 g6 4. Bxc6 dxc6 5. d3 Bg7 6. h3 b6 7. O-O e5 8. Be3
f6 9. Nbd2 Nh6 10. a4 Nf7 11. Nc4 Be6 12. Nfd2 O-O 13. Qe2 Qc7 14. Rfb1 Rfd8
15. Rf1 Nd6 16. Nxd6 Qxd6 17. a5 b5 18. Kh1 Qe7 19. f4 f5 20. exf5 Bxf5 21. Qf2
exf4 22. Bxc5 Qc7 23. Rae1 Qxa5 24. Nb3 Qc7 25. Re7 Rd7 26. Rfe1 Bf6 27. Re8+
Rxe8 28. Rxe8+ Kg7 29. Nd4 Rd5 30. Ra8 Qe5 31. Rxa7+ Kg8 32. Nxc6 Qxb2 33. Qxf4
Be5 34. Ne7+ Kh8 35. Nxg6+ Kg8 36. Ra8+ Kg7 37. Nxe5 Rxe5 38. Qg5+ Bg6 39. Ra7+
1-0

[Event "Europa ch Femenino 2013"]
[Site "Belgrado SER"]
[Date "2013.07.26"]
[Round "4.79"]
[White "Paramentic, Mila"]
[Black "Todorovic, Violeta"]
[Result "0-1"]
[WhiteElo "1936"]
[BlackElo "2117"]
[PlyCount "110"]
[EventDate "2013.07.23"]
[EventType "swiss"]
[EventRounds "11"]
[EventCountry "SER"]
[Source "lmi"]
[SourceDate "2013.07.22"]

1. e4 c5 2. Nc3 Nc6 3. g3 g6 4. d3 Bg7 5. Bg2 e6 6. Be3 d6 7. Qd2 Rb8 8. Nge2
Nd4 9. O-O b5 10. Nd1 b4 11. Nc1 e5 12. c3 bxc3 13. bxc3 Nb5 14. Ne2 Ne7 15.
Bh6 O-O 16. Bxg7 Kxg7 17. Ne3 Be6 18. f4 f5 19. Nd5 Bxd5 20. exd5 c4 21. a4
cxd3 22. Qxd3 e4 23. Qd2 Qb6+ 24. Kh1 Nc7 25. c4 Na6 26. Nd4 Nc5 27. Qc3 Kg8
28. Nb5 a6 29. Nd4 Qb4 30. Qc2 Qb2 31. Qxb2 Rxb2 32. Rfb1 Rfb8 33. Re1 Nd3 34.
Rf1 Nf2+ 35. Kg1 Ng4 36. Rfe1 Rd2 37. Rad1 Ra2 38. Ra1 Rxa1 39. Rxa1 Rb4 40.
Bf1 Ne3 41. a5 Nxf1 42. Rxf1 Rxc4 43. Nc6 Nxc6 44. dxc6 Rxc6 45. Rb1 Rc5 46.
Rb6 Rxa5 47. Rxd6 Ra1+ 48. Kf2 a5 49. h4 a4 50. h5 Kg7 51. Rd7+ Kh6 52. hxg6
hxg6 53. Ra7 a3 54. Ra8 a2 55. Kg2 e3 0-1

[Event "Europa ch Femenino 2013"]
[Site "Belgrado SER"]
[Date "2013.07.26"]
[Round "4.80"]
[White "Khropova, Larisa"]
[Black "Rakic, Teodora"]
[Result "1/2-1/2"]
[WhiteElo "1987"]
[BlackElo "1862"]
[PlyCount "106"]
[EventDate "2013.07.23"]
[EventType "swiss"]
[EventRounds "11"]
[EventCountry "SER"]
[Source "lmi"]
[SourceDate "2013.07.22"]

1. c4 Nf6 2. Nc3 g6 3. e4 d6 4. d4 Bg7 5. f3 O-O 6. Be3 Na6 7. Qd2 Re8 8. Bd3
c5 9. Nge2 cxd4 10. Nxd4 Nc5 11. Be2 Ne6 12. Nc2 Bd7 13. O-O Bc6 14. b4 b6 15.
a4 a5 16. Rfb1 Nd7 17. Nd4 Nxd4 18. Bxd4 Bxd4+ 19. Qxd4 axb4 20. Rxb4 Nc5 21.
Bd1 Ra6 22. Rab1 Qd7 23. Rxb6 Rxb6 24. Rxb6 Nxa4 25. Bxa4 Bxa4 26. c5 Bc6 27.
cxd6 exd6 28. h3 Rd8 29. Kh2 d5 30. e5 Qc7 31. f4 Ba8 32. Nb5 Qc4 33. Qxc4 dxc4
34. Nd6 Bd5 35. Rb5 Be6 36. Rc5 h5 37. Kg3 Rb8 38. Kh4 Rb3 39. g4 hxg4 40. hxg4
Rf3 41. Kg5 Rg3 42. f5 gxf5 43. Nxf5 Bxf5 44. Kxf5 Rf3+ 45. Ke4 Rg3 46. Kf4 Rc3
47. Rc7 Rc1 48. Ke3 Re1+ 49. Kf4 Rc1 50. Kg5 Re1 51. Kf6 Rf1+ 52. Kg5 Re1 53.
Kf4 Rc1 1/2-1/2

[Event "Europa ch Femenino 2013"]
[Site "Belgrado SER"]
[Date "2013.07.26"]
[Round "4.81"]
[White "Sekulovic, Dusica"]
[Black "Panic, Anastasija"]
[Result "0-1"]
[WhiteElo "1805"]
[BlackElo "1948"]
[PlyCount "44"]
[EventDate "2013.07.23"]
[EventType "swiss"]
[EventRounds "11"]
[EventCountry "SER"]
[Source "lmi"]
[SourceDate "2013.07.22"]

1. e4 c5 2. Nc3 Nc6 3. g3 g6 4. Bg2 Bg7 5. d3 d6 6. Be3 e6 7. Qd2 Nge7 8. Bh6
O-O 9. h4 f6 10. h5 Bxh6 11. Qxh6 g5 12. Nf3 Kh8 13. Nxg5 fxg5 14. Qxg5 Ng8 15.
Qd2 h6 16. Ne2 e5 17. f4 Bg4 18. f5 Kh7 19. Ng1 Nf6 20. Bf3 Rg8 21. Qf2 Nd4 22.
O-O-O Bxf3 0-1

[Event "Europa ch Femenino 2013"]
[Site "Belgrado SER"]
[Date "2013.07.26"]
[Round "4.82"]
[White "Brankov, Kristina"]
[Black "Mahmutbegovic, Nadina"]
[Result "0-1"]
[WhiteElo "1903"]
[BlackElo "1800"]
[PlyCount "68"]
[EventDate "2013.07.23"]
[EventType "swiss"]
[EventRounds "11"]
[EventCountry "SER"]
[Source "lmi"]
[SourceDate "2013.07.22"]

1. e4 e5 2. d4 exd4 3. Qxd4 Nc6 4. Qe3 Nf6 5. Nc3 Bb4 6. Bd2 O-O 7. O-O-O Re8
8. Qg3 Rxe4 9. a3 Bd6 10. f4 Re8 11. Bd3 Bf8 12. Nf3 d5 13. Rhe1 Rxe1 14. Rxe1
Ne7 15. Nh4 c5 16. f5 c4 17. Bg5 Kh8 18. Qe5 Nc6 19. Bxf6 gxf6 20. Qe8 cxd3 21.
Qxf7 Ne5 22. Qh5 d4 23. Ne4 Qc7 24. c3 dxc3 25. Nxc3 Bxf5 26. Qxf5 d2+ 27. Kxd2
Rd8+ 28. Kc2 Qb6 29. Qe4 Bh6 30. Re2 Rd4 31. Qf5 Rxh4 32. Rxe5 fxe5 33. Qxe5+
Kg8 34. Qg3+ Qg6+ 0-1

[Event "Europa ch Femenino 2013"]
[Site "Belgrado SER"]
[Date "2013.07.26"]
[Round "4.83"]
[White "Jankovic, Milanka"]
[Black "Pihajlic, Amalija"]
[Result "1-0"]
[WhiteElo "1619"]
[BlackElo "1882"]
[PlyCount "118"]
[EventDate "2013.07.23"]
[EventType "swiss"]
[EventRounds "11"]
[EventCountry "SER"]
[Source "lmi"]
[SourceDate "2013.07.22"]

1. d4 d5 2. Nf3 Bf5 3. Nc3 h6 4. e3 e6 5. Bd3 Nf6 6. h3 Ne4 7. Bxe4 dxe4 8. Nd2
Bb4 9. Ncb1 Nd7 10. a3 Bd6 11. Nc3 Nf6 12. Qe2 c6 13. Nc4 Bc7 14. Nd2 Qe7 15.
b4 e5 16. Nb3 O-O 17. Bb2 exd4 18. Nxd4 Bg6 19. g4 c5 20. bxc5 Qxc5 21. Qb5
Qxb5 22. Ncxb5 Be5 23. O-O-O a6 24. Nc3 Rac8 25. Rd2 Rc4 26. Rhd1 Rfc8 27. Nce2
R8c5 28. Kb1 Rc8 29. Nf5 Bxf5 30. Bxe5 Be6 31. Bxf6 gxf6 32. Nf4 R4c7 33. Rd8+
Rxd8 34. Rxd8+ Kh7 35. Nh5 f5 36. gxf5 Bxf5 37. Nf4 Kg7 38. Kb2 Rd7 39. Rxd7
Bxd7 40. Kb3 Kf6 41. Kc4 Ke5 42. Kc5 Bc6 43. Kb6 Kd6 44. c4 Kd7 45. c5 Kc8 46.
Ne2 Bd7 47. h4 Be6 48. Ng3 f5 49. Ne2 Bd7 50. Nd4 Kb8 51. f3 exf3 52. Nxf3 Bc6
53. Ne5 Be4 54. Nf7 h5 55. Nd6 Bd3 56. Nxb7 Kc8 57. c6 Be4 58. Nd6+ Kd8 59.
Nxe4 fxe4 1-0

[Event "Europa ch Femenino 2013"]
[Site "Belgrado SER"]
[Date "2013.07.26"]
[Round "4.84"]
[White "Rudovic, Anja"]
[Black "Korbovljanovic, Natasa"]
[Result "1/2-1/2"]
[WhiteElo "1549"]
[BlackElo "1877"]
[PlyCount "96"]
[EventDate "2013.07.23"]
[EventType "swiss"]
[EventRounds "11"]
[EventCountry "SER"]
[Source "lmi"]
[SourceDate "2013.07.22"]

1. e4 e5 2. Nc3 Bc5 3. Bc4 c6 4. d3 d6 5. f4 Bxg1 6. Rxg1 Qh4+ 7. g3 Qxh2 8.
Be3 Nf6 9. Qe2 Qh3 10. Qg2 Qg4 11. Qe2 a5 12. a4 Qd7 13. O-O-O Qc7 14. f5 Na6
15. d4 Bd7 16. g4 c5 17. dxe5 dxe5 18. g5 Ng8 19. Nb5 Qc6 20. Nd6+ Kf8 21. Bb5
Qc7 22. Nxf7 Bxb5 23. Qxb5 Qxf7 24. Rd7 Qe8 25. Bxc5+ Nxc5 26. Qxc5+ Ne7 27.
Rxb7 Rb8 28. Ra7 Ra8 29. f6 Rxa7 30. Qxa7 gxf6 31. gxf6 Qf7 32. Qb8+ Qe8 33.
fxe7+ Kxe7 34. Qxe5+ Kd7 35. Rd1+ Kc8 36. Qxe8+ Rxe8 37. Rh1 Rxe4 38. Rxh7 Rxa4
39. b3 Rd4 40. Kb2 a4 41. bxa4 Rxa4 42. Kb3 Ra6 43. c4 Rb6+ 44. Ka4 Rc6 45. Kb5
Rf6 46. c5 Rg6 47. c6 Rg1 48. Rh4 Kc7 1/2-1/2

[Event "Europa ch Femenino 2013"]
[Site "Belgrado SER"]
[Date "2013.07.27"]
[Round "5.1"]
[White "Cmilyte, Viktorija"]
[Black "Goryachkina, Aleksandra"]
[Result "1/2-1/2"]
[WhiteElo "2497"]
[BlackElo "2401"]
[PlyCount "86"]
[EventDate "2013.07.23"]
[EventType "swiss"]
[EventRounds "11"]
[EventCountry "SER"]
[Source "lmi"]
[SourceDate "2013.07.22"]

1. d4 d5 2. c4 c6 3. Nf3 Nf6 4. Nc3 dxc4 5. a4 Bf5 6. e3 e6 7. Bxc4 Bb4 8. O-O
Nbd7 9. Qe2 Bg6 10. e4 O-O 11. Bd3 Bh5 12. e5 Nd5 13. Nxd5 cxd5 14. Qe3 Re8 15.
Bd2 Qe7 16. Bxb4 Qxb4 17. Qd2 Qe7 18. Ne1 Bg6 19. a5 Rac8 20. Bb5 a6 21. Ba4
Red8 22. Ra3 Rc4 23. Bb3 Rc7 24. Nc2 Nb8 25. Ne3 Nc6 26. Ra4 f6 27. f4 Be4 28.
f5 exf5 29. Nxf5 Bxf5 30. Rxf5 fxe5 31. dxe5 Qc5+ 32. Rf2 Nxe5 33. Rd4 Qc1+ 34.
Qxc1 Rxc1+ 35. Rf1 Rxf1+ 36. Kxf1 Nc6 37. Rxd5 Rxd5 38. Bxd5+ Kf8 39. b4 Ke7
40. b5 Nxa5 41. bxa6 bxa6 42. Be4 h6 43. Bd3 Nc6 1/2-1/2

[Event "Europa ch Femenino 2013"]
[Site "Belgrado SER"]
[Date "2013.07.27"]
[Round "5.2"]
[White "Melia, Salome"]
[Black "Lagno, Kateryna"]
[Result "1/2-1/2"]
[WhiteElo "2428"]
[BlackElo "2542"]
[PlyCount "40"]
[EventDate "2013.07.23"]
[EventType "swiss"]
[EventRounds "11"]
[EventCountry "SER"]
[Source "lmi"]
[SourceDate "2013.07.22"]

1. e4 c5 2. Nf3 e6 3. d4 cxd4 4. Nxd4 Nc6 5. Nc3 Qc7 6. Be3 a6 7. Qd2 Nf6 8. f4
Bb4 9. Bd3 d6 10. a3 Bc5 11. Nxc6 Qxc6 12. Bxc5 Qxc5 13. O-O-O Ng4 14. Rde1 Bd7
15. Be2 Ne3 16. Bd3 Ng4 17. Be2 Ne3 18. Bd3 Ng4 19. Be2 Ne3 20. Bd3 Ng4 1/2-1/2

[Event "Europa ch Femenino 2013"]
[Site "Belgrado SER"]
[Date "2013.07.27"]
[Round "5.4"]
[White "Khurtsidze, Nino"]
[Black "Kovalevskaya, Ekaterina"]
[Result "1-0"]
[WhiteElo "2443"]
[BlackElo "2407"]
[PlyCount "123"]
[EventDate "2013.07.23"]
[EventType "swiss"]
[EventRounds "11"]
[EventCountry "SER"]
[Source "lmi"]
[SourceDate "2013.07.22"]

1. d4 Nf6 2. Nf3 c5 3. d5 b5 4. Bg5 Qa5+ 5. c3 d6 6. Bxf6 gxf6 7. Nbd2 f5 8. e3
Bg7 9. a4 b4 10. Bb5+ Nd7 11. Nc4 Qc7 12. cxb4 O-O 13. Bc6 cxb4 14. Nd4 Bxd4
15. Qxd4 Rb8 16. Bxd7 Bxd7 17. b3 Rfc8 18. O-O Qd8 19. e4 f6 20. f4 Rc5 21. e5
Be8 22. Kh1 Bf7 23. e6 Bg6 24. Rad1 Qc7 25. h3 Kh8 26. Kh2 Rg8 27. Rd2 h5 28.
g4 Kh7 29. Rg1 Qb7 30. gxf5 Bxf5 31. Rxg8 Kxg8 32. Ne3 Bh7 33. f5 Rc3 34. Qf4
Kh8 35. Rg2 Rc8 36. Qh6 Rg8 37. Rxg8+ Kxg8 38. Qxh5 Qc7 39. Qg4+ Kh8 40. Qxb4
Qc1 41. Qb8+ Kg7 42. Qxa7 Kf8 43. Qb6 Kg7 44. Qd4 Kf8 45. Kg2 Qe1 46. Qd3 Qb4
47. Qc4 Qe1 48. Kf3 Qh1+ 49. Ke2 Qh2+ 50. Kd3 Qe5 51. Qg4 Qb2 52. Qh5 Qxb3+ 53.
Ke2 Qb2+ 54. Kf3 Kg7 55. Qf7+ Kh8 56. Qxe7 Qe5 57. Qf8+ Bg8 58. e7 Kh7 59. Qh6+
Kxh6 60. Ng4+ Kg7 61. Nxe5 Bxd5+ 62. Ke3 1-0

[Event "Europa ch Femenino 2013"]
[Site "Belgrado SER"]
[Date "2013.07.27"]
[Round "5.6"]
[White "Kosteniuk, Alexandra"]
[Black "Vojinovic, Jovana"]
[Result "1-0"]
[WhiteElo "2489"]
[BlackElo "2376"]
[PlyCount "127"]
[EventDate "2013.07.23"]
[EventType "swiss"]
[EventRounds "11"]
[EventCountry "SER"]
[Source "lmi"]
[SourceDate "2013.07.22"]

1. e4 e6 2. d4 d5 3. Nd2 c5 4. exd5 Qxd5 5. dxc5 Nf6 6. Ngf3 Qxc5 7. Bd3 Nbd7
8. O-O b6 9. Ne4 Qc7 10. Qe2 Bb7 11. Nxf6+ gxf6 12. a4 Bd6 13. Rd1 Nc5 14. Bb5+
Ke7 15. g3 a6 16. Bc4 b5 17. axb5 axb5 18. Rxa8 Bxa8 19. Bd5 Bxd5 20. Rxd5 Qc6
21. Rd1 Qe4 22. Be3 Qc4 23. Qxc4 bxc4 24. Nd2 c3 25. bxc3 Rc8 26. Ra1 Rc6 27.
Ra7+ Bc7 28. c4 Nd7 29. Kf1 Bb6 30. Bxb6 Rxb6 31. c5 Rc6 32. Nb3 e5 33. f4 Ke8
34. Ra5 Rc7 35. Ke2 Ke7 36. f5 Nb8 37. c3 Nc6 38. Ra6 Nb8 39. Rb6 Nd7 40. Rb5
h5 41. Kd3 Rc8 42. Ke4 Nb8 43. Rb7+ Kf8 44. Rb6 Nc6 45. Nd2 Ne7 46. Rxf6 Rxc5
47. c4 Kg7 48. Rb6 Ng8 49. Kd3 Rc7 50. Ne4 Rd7+ 51. Rd6 Ra7 52. c5 Nh6 53. f6+
Kg6 54. Rd8 Kf5 55. c6 Rc7 56. Rd6 Ng4 57. h3 Nh2 58. Nd2 Nf3 59. Nxf3 e4+ 60.
Ke3 exf3 61. Rd5+ Ke6 62. Rc5 Kd6 63. Rc3 Ke5 64. Kxf3 1-0

[Event "Europa ch Femenino 2013"]
[Site "Belgrado SER"]
[Date "2013.07.27"]
[Round "5.1"]
[White "Khotenashvili, Bela"]
[Black "Lomineishvili, Maia"]
[Result "1-0"]
[WhiteElo "2512"]
[BlackElo "2351"]
[PlyCount "123"]
[EventDate "2013.07.23"]
[EventType "swiss"]
[EventRounds "11"]
[EventCountry "SER"]
[Source "lmi"]
[SourceDate "2013.07.22"]

1. d4 Nf6 2. c4 g6 3. Nc3 Bg7 4. e4 d6 5. Nf3 O-O 6. h3 e5 7. d5 Nh5 8. g3 f5
9. Bg5 Qe8 10. Be2 Nf6 11. exf5 Bxf5 12. g4 Bd7 13. Nd2 Na6 14. Be3 Nc5 15.
Bxc5 dxc5 16. g5 Nh5 17. Bxh5 gxh5 18. Nde4 Rf4 19. Qe2 Qf7 20. O-O-O Rf8 21.
d6 Be6 22. d7 Bxd7 23. Nd5 Bc6 24. Rhe1 Bxd5 25. Rxd5 b6 26. Qd3 Rf3 27. Re3
Rxf2 28. Nxf2 Qxf2 29. Re2 Qg1+ 30. Kc2 Qxg5 31. Rd7 c6 32. Rd2 Qg6 33. Qxg6
hxg6 34. Re7 Rf3 35. Rd6 Rg3 36. Rxc6 e4 37. Rc8+ Bf8 38. Rxe4 Kg7 39. Rc7+ Kh6
40. h4 Rg2+ 41. Kc1 Rg1+ 42. Kd2 Rg2+ 43. Ke3 Rxb2 44. Re8 Bg7 45. Ree7 Rh2 46.
Rxg7 Rh3+ 47. Kf2 Rxh4 48. Rxa7 Rxc4 49. Rgb7 Rc2+ 50. Kf3 Rc3+ 51. Ke2 Rc2+
52. Kd3 Rb2 53. a4 h4 54. a5 b5 55. Ra8 c4+ 56. Kd4 Rd2+ 57. Kc3 Rd3+ 58. Kc2
h3 59. a6 Ra3 60. a7 Kg5 61. Rh8 h2 62. Rxh2 1-0

[Event "Europa ch Femenino 2013"]
[Site "Belgrado SER"]
[Date "2013.07.27"]
[Round "5.2"]
[White "Kursova, Maria"]
[Black "Muzychuk, Anna"]
[Result "0-1"]
[WhiteElo "2351"]
[BlackElo "2594"]
[PlyCount "81"]
[EventDate "2013.07.23"]
[EventType "swiss"]
[EventRounds "11"]
[EventCountry "SER"]
[Source "lmi"]
[SourceDate "2013.07.22"]

1. d4 Nf6 2. Nf3 g6 3. c4 Bg7 4. g3 d5 5. cxd5 Nxd5 6. Bg2 Nb6 7. O-O Nc6 8. e3
O-O 9. Nc3 Re8 10. Re1 a5 11. d5 Bxc3 12. bxc3 Qxd5 13. Nd4 Qc4 14. Nxc6 bxc6
15. Qd4 Rb8 16. Bf1 Qd5 17. e4 Qd6 18. Bh6 e5 19. Qe3 Be6 20. Bg5 Nd7 21. Red1
Qc5 22. Qe2 f6 23. Be3 Qa3 24. Qa6 Qa4 25. c4 c5 26. Rd2 Rb6 27. Qa7 Rc8 28.
Rad1 Kf7 29. f4 Ke8 30. f5 gxf5 31. exf5 Bxf5 32. Bg2 Qxc4 33. Qxa5 Ra6 34. Bd5
Rxa5 35. Bxc4 Ke7 36. Bb3 Rb8 37. Bh6 Bg4 38. Rf1 Be6 39. Rf3 c4 40. Bd1 Rb1
41. Kf2 0-1

[Event "Europa ch Femenino 2013"]
[Site "Belgrado SER"]
[Date "2013.07.27"]
[Round "5.3"]
[White "Dzagnidze, Nana"]
[Black "Guramishvili, Sopiko"]
[Result "1-0"]
[WhiteElo "2558"]
[BlackElo "2421"]
[PlyCount "65"]
[EventDate "2013.07.23"]
[EventType "swiss"]
[EventRounds "11"]
[EventCountry "SER"]
[Source "lmi"]
[SourceDate "2013.07.22"]

1. Nf3 d5 2. c4 e6 3. g3 Nf6 4. Bg2 Nc6 5. cxd5 exd5 6. d4 Bd6 7. Nc3 h6 8. a3
a6 9. O-O O-O 10. b4 Re8 11. Bb2 Bg4 12. Rc1 Qd7 13. Re1 Bh3 14. Bh1 Qg4 15.
Na4 Ne4 16. Bg2 Bxg3 17. fxg3 Nxg3 18. Bxh3 Qxh3 19. hxg3 Qxg3+ 20. Kh1 Ne7 21.
Rg1 Qh3+ 22. Nh2 Nf5 23. Rc3 Qh4 24. Rf3 Nd6 25. Nc5 b6 26. Nd7 Ne4 27. Qf1 Ng5
28. Qg2 Re4 29. Bc1 f6 30. Nxf6+ gxf6 31. Rxf6 Kg7 32. Rf5 Rf8 33. Bxg5 1-0

[Event "Europa ch Femenino 2013"]
[Site "Belgrado SER"]
[Date "2013.07.27"]
[Round "5.4"]
[White "Purtseladze, Maka"]
[Black "Cramling, Pia"]
[Result "1/2-1/2"]
[WhiteElo "2349"]
[BlackElo "2523"]
[PlyCount "122"]
[EventDate "2013.07.23"]
[EventType "swiss"]
[EventRounds "11"]
[EventCountry "SER"]
[Source "lmi"]
[SourceDate "2013.07.22"]

1. Nf3 Nf6 2. b3 d5 3. Bb2 Bg4 4. e3 Nbd7 5. h3 Bxf3 6. Qxf3 c6 7. d3 e5 8. Nd2
Bd6 9. Qd1 Qe7 10. Be2 O-O 11. O-O Rfe8 12. c4 Ba3 13. Qc1 Bxb2 14. Qxb2 Rad8
15. b4 c5 16. a3 b6 17. cxd5 Nxd5 18. Qb3 Nc7 19. Rfc1 Ne6 20. Nc4 g6 21. Qa4
cxb4 22. axb4 Nc7 23. Qxa7 Nd5 24. b5 h5 25. Qb7 Qe6 26. Qc6 Nc5 27. Qxe6 Rxe6
28. Ra7 Nb3 29. Rb1 Nc3 30. Rxb3 Nxe2+ 31. Kf1 Nc1 32. Rba3 Rd5 33. Rc3 Nxd3
34. e4 Rd4 35. f3 Nf4 36. g3 Nxh3 37. Rb7 Ng5 38. Nxb6 Rf6 39. Ke2 Rb4 40. Nd5
Rb2+ 41. Kd1 Rxf3 42. Rxf3 Nxf3 43. Kc1 Rb3 44. b6 Kg7 45. Rc7 Nd4 46. Rc4 Ne6
47. Kc2 Rb5 48. Kc3 Nc5 49. Rb4 Ra5 50. b7 Nxb7 51. Rxb7 Ra3+ 52. Rb3 Rxb3+ 53.
Kxb3 Kh6 54. Kc3 Kg5 55. Ne3 f5 56. exf5 gxf5 57. Kd2 f4 58. gxf4+ Kxf4 59. Ke2
h4 60. Ng2+ Kg3 61. Nxh4 Kxh4 1/2-1/2

[Event "Europa ch Femenino 2013"]
[Site "Belgrado SER"]
[Date "2013.07.27"]
[Round "5.5"]
[White "Kashlinskaya, Alina"]
[Black "Gunina, Valentina"]
[Result "0-1"]
[WhiteElo "2334"]
[BlackElo "2507"]
[PlyCount "72"]
[EventDate "2013.07.23"]
[EventType "swiss"]
[EventRounds "11"]
[EventCountry "SER"]
[Source "lmi"]
[SourceDate "2013.07.22"]

1. d4 d5 2. c4 c6 3. Nc3 Nf6 4. Nf3 e6 5. Bg5 Nbd7 6. cxd5 exd5 7. e3 Be7 8.
Qc2 Nh5 9. Bxe7 Qxe7 10. Be2 g6 11. O-O O-O 12. Rab1 Nb6 13. Bd3 Be6 14. Rfe1
Rac8 15. b4 Ng7 16. e4 dxe4 17. Nxe4 Nd5 18. Qd2 Rfd8 19. Nfg5 Nf6 20. Qf4 Nfh5
21. Qf3 Bd5 22. Qe3 Nf5 23. Qc1 Re8 24. Nxh7 Qh4 25. g3 Qd8 26. Nhg5 Nxd4 27.
Bc4 b5 28. Bd3 f5 29. Qc5 fxe4 30. Qxd4 exd3 31. Rxe8+ Qxe8 32. Qxd3 Nf6 33. h4
Rd8 34. Qd2 Ne4 35. Qf4 Nc3 36. Qc7 Rd7 0-1

[Event "Europa ch Femenino 2013"]
[Site "Belgrado SER"]
[Date "2013.07.27"]
[Round "5.6"]
[White "Pogonina, Natalija"]
[Black "Majdan-Gajewska, Joanna"]
[Result "1-0"]
[WhiteElo "2478"]
[BlackElo "2375"]
[PlyCount "164"]
[EventDate "2013.07.23"]
[EventType "swiss"]
[EventRounds "11"]
[EventCountry "SER"]
[Source "lmi"]
[SourceDate "2013.07.22"]

1. d4 f5 2. Bg5 Nf6 3. Bxf6 exf6 4. e3 d5 5. Nf3 Be6 6. Bd3 Nc6 7. O-O Qd7 8.
a3 Ne7 9. b3 g6 10. c4 c6 11. Nc3 Kf7 12. c5 Bh6 13. Qd2 g5 14. b4 f4 15. exf4
gxf4 16. Kh1 Rhg8 17. Ne1 Bf5 18. Bxf5 Nxf5 19. Qd3 Rg4 20. Nf3 Rag8 21. Rg1
R8g6 22. h3 Rh4 23. Nxh4 Nxh4 24. Kh2 Kf8 25. g3 Nf5 26. Ne2 fxg3+ 27. fxg3 Bg5
28. Raf1 Ne3 29. Rf4 Rh6 30. h4 Bxf4 31. Nxf4 Ng4+ 32. Kg2 Qe7 33. Rb1 a6 34.
a4 f5 35. Qxf5+ Rf6 36. Qd3 Ne3+ 37. Kf2 Nf5 38. Nh5 Rf7 39. Kg1 Ne3 40. Nf4
Ng4 41. Rf1 Qe3+ 42. Qxe3 Nxe3 43. Rf2 Kg8 44. b5 axb5 45. axb5 cxb5 46. Rb2
Nf5 47. Nxd5 Nxd4 48. Rb4 Nf5 49. Kh2 Rg7 50. Nf6+ Kh8 51. Nh5 Rc7 52. Rxb5 Nd4
53. Ra5 Kg8 54. Nf6+ Kf7 55. Nxh7 Ne6 56. Ng5+ Nxg5 57. hxg5 Kg6 58. Rb5 Kh5
59. Kh3 Rh7 60. g6 Kxg6+ 61. Kg4 Kf6 62. Kf4 Rc7 63. Ke4 Re7+ 64. Kd5 Rd7+ 65.
Kc4 Rg7 66. Rb3 Ke6 67. Rb6+ Ke5 68. Kb5 Ke4 69. Re6+ Kd4 70. Rd6+ Kc3 71. Rd8
Rg4 72. Kb6 Rb4+ 73. Kc7 Kc4 74. Rf8 Rb3 75. Rf5 Rxg3 76. Kxb7 Rg7+ 77. Kb6 Rg1
78. c6 Rb1+ 79. Kc7 Kd4 80. Kc8 Ke4 81. Rh5 Rc1 82. c7 Kd4 1-0

[Event "Europa ch Femenino 2013"]
[Site "Belgrado SER"]
[Date "2013.07.27"]
[Round "5.7"]
[White "Hoang, Thanh Trang"]
[Black "Savina, Anastasia"]
[Result "1-0"]
[WhiteElo "2467"]
[BlackElo "2368"]
[PlyCount "60"]
[EventDate "2013.07.23"]
[EventType "swiss"]
[EventRounds "11"]
[EventCountry "SER"]
[Source "lmi"]
[SourceDate "2013.07.22"]

1. d4 Nf6 2. c4 g6 3. Nc3 Bg7 4. e4 d6 5. f4 O-O 6. Nf3 c5 7. d5 e6 8. dxe6
Bxe6 9. Bd3 Bg4 10. h3 Bxf3 11. Qxf3 Nc6 12. O-O a6 13. Be3 Ne8 14. Kh1 Nd4 15.
Qf2 f5 16. Rad1 Kh8 17. exf5 gxf5 18. Ne2 Nxe2 19. Bxe2 Qa5 20. Rd2 Nf6 21. Bd3
Rae8 22. Bxf5 Qxa2 23. Rxd6 Qxc4 24. Bd3 Qa4 25. Bxc5 Ne4 26. Bxe4 Rxe4 27. f5
Qc4 28. f6 Bh6 29. f7 Bg7 30. Rdd1 Rd4 1-0

[Event "Europa ch Femenino 2013"]
[Site "Belgrado SER"]
[Date "2013.07.27"]
[Round "5.8"]
[White "Charochkina, Daria"]
[Black "Javakhishvili, Lela"]
[Result "1/2-1/2"]
[WhiteElo "2326"]
[BlackElo "2465"]
[PlyCount "87"]
[EventDate "2013.07.23"]
[EventType "swiss"]
[EventRounds "11"]
[EventCountry "SER"]
[Source "lmi"]
[SourceDate "2013.07.22"]

1. e4 c5 2. Nf3 e6 3. d4 cxd4 4. Nxd4 a6 5. Be2 Nf6 6. Nc3 d6 7. f4 Qc7 8. O-O
Be7 9. Bf3 Nc6 10. Be3 O-O 11. Kh1 Re8 12. a4 Bf8 13. g4 Nxd4 14. Bxd4 e5 15.
fxe5 dxe5 16. Be3 Be6 17. g5 Rad8 18. Qe2 Nd7 19. Rf2 Bb4 20. Nd5 Bxd5 21. exd5
e4 22. Bg2 Re7 23. Rd1 Bd6 24. Qh5 Bc5 25. Bf4 Bd6 26. Be3 Nf8 27. Rd4 Rde8 28.
Re2 Ng6 29. Qg4 Ne5 30. Qh3 Ng6 31. Qg4 Bxh2 32. Rxe4 Rxe4 33. Bxe4 Bd6 34.
Bxg6 hxg6 35. Bb6 Qb8 36. Re4 Rxe4 37. Qxe4 Qc8 38. Kg2 Qd7 39. Bf2 Qd8 40. Be3
Be7 41. Qe5 Bd6 42. Qe4 Be7 43. Qe5 Bd6 44. Qe4 1/2-1/2